Контроль локальной герметичности акустическим инструментальным методом; В мире неразрушающего контроля; № 4

Xehetasun bibliografikoak
Parent link:В мире неразрушающего контроля: Ежеквартальное журнальное обозрение.— , 2001-.— 1609-3178
№ 4.— 2004.— С. 59-61
Egile nagusia: Розинов А. Я.
Beste egile batzuk: Стрельченко Ю. Б., Синицкий В. А.
Hizkuntza:errusiera
Argitaratua: 2004
Saila:Акустический контроль
Gaiak:
Formatua: MixedMaterials Liburu kapitulua
KOHA link:https://koha.lib.tpu.ru/cgi-bin/koha/opac-detail.pl?biblionumber=395802

MARC

LEADER 00000naa2a2200000 4500
001 395802
005 20231101064707.0
035 |a (RuTPU)RU\TPU\prd\33399 
090 |a 395802 
100 |a 20050301a2004 k y0rusy50 ca 
101 0 |a rus 
102 |a RU 
200 1 |a Контроль локальной герметичности акустическим инструментальным методом  |f А. Я. Розинов, Ю. Б. Стрельченко, В. А. Синицкий 
225 1 |a Акустический контроль 
320 |a Библиогр.: 6 назв. 
461 1 |0 (RuTPU)RU\TPU\prd\1155  |x 1609-3178  |t В мире неразрушающего контроля  |o Ежеквартальное журнальное обозрение  |d 2001- 
463 1 |0 (RuTPU)RU\TPU\prd\32427  |t № 4  |v С. 59-61  |d 2004 
610 1 |a герметичность 
610 1 |a акустический контроль 
610 1 |a гидравлическое давление воды 
610 1 |a инструментальные средства контроля 
610 1 |a люковые закрытия 
610 1 |a микронеплотности 
700 1 |a Розинов  |b А. Я. 
701 1 |a Стрельченко  |b Ю. Б. 
701 1 |a Синицкий  |b В. А. 
801 1 |a RU  |b 63413507  |c 20050301  |g PSBO 
801 2 |a RU  |b 63413507  |c 20050301  |g PSBO 
942 |c BK